000 00363pam a2200157a 44500
008 230515b1967 xxu||||| |||| 00| 0 eng d
020 _aNULL
041 _aENGLISH
082 _a621.402/PAV
100 _aBRANDAS .E / ELANDOR N
245 _aLECTURE NOTES IN PHYSICS
250 _a1
260 _aDELHI
_bSPRINGER
_c1967
300 _a564
650 _aNULL
999 _c667069
_d667069